Personaggi importanti del medioevo - Statistics

Statistiche generali
  • Questo quiz è stato fatto 72 volte
  • Il punteggio medio è 14 su 21
Statistiche sulle risposte
Hint Risposta % Corretto
Fu incoronato la notte di Natale dell'anno 800 Carlo Magno
98%
Eroina francese simbolo della guerra dei 100 anni Giovanna d'Arco
92%
Mercante veneziano che percorse la Via della seta Marco Polo
91%
Intellettuale dei Guelfi Bianchi esiliato da Firenze dopo la vittoria dei Guelfi Neri Dante Alighieri
86%
Fondatore di uno degli ordini mendicanti, predicava la povertà evangelica San Francesco d'Assisi
85%
L'imperatore che fondò l'università di Napoli Federico II
82%
Fondatore dell'impero mongolo Gengis Khan
82%
Fondatore della Regola Benedettina San Benedetto da Norcia
78%
Il primo re della Sicilia Angioina Carlo I d'Angiò
77%
Affrescò le storie di San Francesco nella Basilica di Assisi Giotto
71%
Marito di Isabella di Castiglia Ferdinando d’Aragona
69%
Re di Francia soprannominato "il bello" Filippo IV
65%
Monaco che evangelizzò l'Irlanda San Patrizio
58%
L'imperatore deposto dal barbaro Odoacre Romolo Augustolo
57%
L'imperatore nemico di Papa Gregorio VII nella lotta per le investiture Enrico IV
55%
Il papa schiaffeggiato ed arrestato ad Anagni Bonifacio VIII
51%
Imperatore bizantino della Renovatio Imperii Giustiniano
49%
Re ostrogoto impegnato nella guerra Greco-Gotica contro Giustiniano Teodorico
43%
Re inglese che firmò la Magna Charta Giovanni senza terra
42%
Il sultano che riconquistò Gerusalemme dopo la 2ª crociata Saladino
40%
L'imperatore scomunicato 3 volte, sconfitto a Legnano Federico Barbarossa
38%
Nessun quiz corrispondente trovato
Distribuzione punteggi
Percentuale di utenti per punteggio
Percentile per numero di risposta
I tuoi punteggi nel tempo
Non hai fatto questo quiz